[Event "Cergy Pontoise op"]
[Site "Cergy Pontoise"]
[Date "2003.03.22"]
[Round "1"]
[White "Rolinat, R."]
[Black "Favreau, Francois"]
[Result "0-1"]
[WhiteElo "1400"]
[BlackElo "1970"]
[PlyCount "50"]
[EventDate "2003.03.??"]
[EventType "swiss (rapid)"]
[EventRounds "10"]
[EventCountry "FRA"]
[SourceTitle "CBM 093 Extra"]
[Source "ChessBase"]
[SourceDate "2003.05.09"]
[SourceVersion "1"]
[SourceVersionDate "2003.05.09"]
[SourceQuality "1"]

1. Nf3 d6 2. d4 g6 3. c4 Bg7 4. Nc3 c6 5. e3 Nf6 6. h3 0-0 7. Be2 Nbd7 8. 0-0 e5 9. dxe5 dxe5 10. Qc2 Qc7 11. Nh2 Nc5 12. e4 Ne6 13. Be3 Nd4 14. Qd2 Rd8 15. Bd3 Be6 16. b3 Rd7 17. f4 exf4 18. Bxf4 Qa5 19. Rae1 Nh5 20. e5 Nxf4 21. Rxf4 Bh6 22. Qf2 Bxf4 23. Qxf4 Qxc3 24. Rd1 Qxd3 25. Rd2 Ne2+ 0-1